000 01228cam a2200325 a 4500
999 _c57524
_d57524
001 13273745
005 20200702115213.0
008 030714s2004 nyub b 001 0 eng
010 _a 2003058108
020 _a0321116232 (v. 1)
020 _a0321116240 (v. 2)
040 _aDLC
_cDLC
_dDLC
041 _aeng
043 _an-us---
050 0 0 _aPS507
_b.A5753 2004
080 _a821.111(73) A-46
082 0 0 _a810.8
_222
245 0 0 _aAmerican literature /
_cedited by William E. Cain.
260 _aNew York :
_bPenguin Academics ;
_bPearson/Longman,
_c2004.
300 _av. <1-2 > :
_bmap ;
_c22 cm.
504 _aIncludes bibliographical references and index.
650 0 _aAmerican literature.
_98454
651 0 _aUnited States
_vLiterary collections.
_98455
653 _aამერიკული ლიტერატურა
653 _aმხატვრული ლიტერატურა
700 1 _aCain, William E.,
_d1952-
_eრედაქტორი
_98456
906 _a7
_bcbc
_corignew
_d1
_eocip
_f20
_gy-gencatlg
942 _2udc
_cBK
955 _apc10 2003-07-14 to HLCD
_clh03 2003-07-17
_aaa05 2003-07-25
_aps12 2004-03-18 bk rec'd, to CIP ver.
_alh36 2004-10-26 v. 1 copy 2 to BCCD